000
00292nam a2200121Ia 4500
008
190216s9999||||xx |||||||||||||| ||und||
100
_a
Walter Scott
245
2
_a
A Legend Of Montrose
260
_b
Oxford University Press
_c
1968
300
_a
108p
650
_a
English Stories
942
_c
BK
999
_c
12394
_d
12394